| 000 | 00385nam a2200145Ia 4500 | ||
|---|---|---|---|
| 008 | 230917s9999||||xx |||||||||||||| ||und|| | ||
| 040 |
_e124811 _aMAIN |
||
| 041 | _aEnglish | ||
| 082 | _a361.6 H633S | ||
| 100 | _aHiggins, Joan | ||
| 245 | 0 | _aStatas of welfare ; comparative analysis in social policy | |
| 260 |
_aOxford _bBasil Blackwell _c1981 |
||
| 300 | _a193p. p. | ||
| 942 | _cBK | ||
| 999 |
_c221216 _d221216 |
||